Statistics for Name a Leonardo DiCaprio Movie by Co-Stars

Click here to take the quiz!

General Stats

  • This quiz has been taken 512 times
    (122 since last reset)
  • The average score is 12 of 20

Answer Stats

Co-StarsFilms% Correct
Kate WinsletTitanic / Revolutionary Road
94%
Margot RobbieThe Wolf of Wall Street / Once Upon a Time... in Hollywood
89%
Jamie FoxxDjango Unchained
84%
Jonah HillThe Wolf of Wall Street
81%
Brad PittOnce Upon a Time... in Hollywood
75%
Tom HanksCatch Me If You Can
74%
Tom HardyInception / The Revenant
74%
Daniel Day-LewisGangs of New York
66%
Jack NicholsonThe Departed
65%
Claire DanesRomeo + Juliet
63%
Matt DamonThe Departed
62%
Johnny DeppWhat's Eating Gilbert Grape
60%
Cate BlanchettThe Aviator
59%
Robert De NiroThis Boy's Life / Marvin's Room / Killers of the Flower Moon
57%
Cameron DiazGangs of New York
44%
Christopher WalkenCatch Me If You Can
40%
Jennifer ConnellyBlood Diamond
32%
Sharon StoneThe Quick and the Dead
26%
John MalkovichThe Man in the Iron Mask
22%
Russell CroweThe Quick and the Dead / Body of Lies
21%

Score Distribution

Percentile by Number Answered

Percent of People with Each Score

Your Score History

You have not taken this quiz since the last reset